|
|
|
|
| LEADER |
00000nam a22000007a 4500 |
| 005 |
20210224210954.0 |
| 007 |
cr|||| |||| |
| 008 |
210224s2012 us |||||s|||| 00||0 eng d |
| 020 |
|
|
|a 9781614386339
|
| 035 |
|
|
|a 31221
|
| 040 |
|
|
|a vLex
|
| 090 |
|
|
|c 11250
|d 11250
|
| 100 |
1 |
|
|a Lubbers, Jeffrey S.
|
| 245 |
1 |
0 |
|a Developments in Administrative Law and Regulatory Practice, 2011
|h [Recurso electrn̤ico] /
|c Jeffrey S. Lubbers
|
| 256 |
|
|
|a Servicio en ln̕ea
|
| 260 |
|
|
|a Chicago:
|b American Bar Association,
|c 2012
|
| 300 |
|
|
|a 1 recurso electrn̤ico
|
| 506 |
1 |
|
|a Disponible solo en los productos indicados
|d vLex Global
|d vLex Global (Academic Edition, excluding Law Schools)
|d vLex Global (Academic Edition, Law Schools)
|
| 650 |
0 |
4 |
|a Derecho Pb︢lico y Administrativo
|z Estados Unidos
|
| 740 |
0 |
|
|a vLex Libros (Servicio en ln̕ea)
|
| 856 |
4 |
0 |
|u http://vlex.com/source/developments-in-administrative-law-and-regulatory-practice-2011-31221
|z Acceso restringido
|
| 942 |
|
|
|c BOOK
|
| 999 |
0 |
|
|a Public and Administrative Law
|